Labour laws : (Record no. 144096)

MARC details
000 -LEADER
fixed length control field 00533nam a22001937a 4500
005 - DATE AND TIME OF LATEST TRANSACTION
control field 20170906135951.0
010 ## - LCCN (DPL NO)
LC control number B-167902
020 ## - INTERNATIONAL STANDARD BOOK NUMBER
International Standard Book Number 8175344911
Terms of availability 165.00
035 ## - SYSTEM CONTROL NUMBER
System control number B-167902
037 ## - SOURCE OF ACQUISITION
Stock number DPL
Source of stock number/acquisition ENG
082 ## - DEWEY DECIMAL CLASSIFICATION NUMBER
Classification number 344.01
100 ## - MAIN ENTRY--PERSONAL NAME
Personal name Kumar, H.L.
245 ## - TITLE STATEMENT
Title Labour laws :
Remainder of title Everybody should know /
Statement of responsibility, etc by H.L. Kumar
250 ## - EDITION STATEMENT
Edition statement 3rd ed
260 ## - PUBLICATION, DISTRIBUTION, ETC. (IMPRINT)
Place of publication, distribution, etc New Delhi
Name of publisher, distributor, etc Universal Law Publishing
Date of publication, distribution, etc 2006(repr.)
300 ## - PHYSICAL DESCRIPTION
Extent xxi, 304p.
Dimensions 22cm(pbk)
500 ## - GENERAL NOTE
General note Includes index
942 ## - ADDED ENTRY ELEMENTS (KOHA)
Source of classification or shelving scheme Dewey Decimal Classification
Item type English Books
Classification part 344.01
Call number suffix KUM
Holdings
Withdrawn status Lost status Not for loan Collection code Home library Current library Date acquired Cost, normal purchase price Full call number Barcode Copy number Cost, replacement price Koha item type
      Non-fiction Central Library Central Library 06/09/2017 165.00 344.01 KUM B-167902 1 165.00 English Books

© Delhi Public Library
Hit Counter
free hit counter